000 01887cab a2200301 4500
001 ABS46775
008 090401t1992 xxu||||| |||| 00| 0 eng d
035 _a(Sirsi) u59458
041 _aeng
245 _aBranchett v Beaney and others; Branchett v Swale BC and others
260 _c1992
350 _a0
490 _aEstates Gazette
_v(1992) 28 EG 107-111(4)
520 _aCA 31 January 1992. The appellant, B, was born in the property in question in 1917 and succeeded to the statutory tenancy, on the death of her mother. The property was in dire need of repair and in September 1973 the council made a demolition order on the grounds that it was unfit for human habitation and incapable of being made fit at reasonable cost. B refused to vacate the property to enable necessary repairs. In November 1983 the freehold transferred to the respondent X. In 1984 the property became a Grade II listed building. In consequence the council had to revoke the first order and make a closing order in its place in November 1986. The council rescinded the second order in June 1987. The property was damaged in the storms of October 1987 but B still refused to vacate the premises to allow repairs. In February 1988 B commenced proceedings against X claiming damages for breach of their alleged statutory duty to repair under Defective Premises Act 1972 and a mandatory injunctio
650 _aCLOSING ORDER
650 _aDEFECTIVE PREMISES ACT 1972
650 _aDEMOLITION ORDER
650 _aHOUSING ACT 1985
650 _aLISTED BUILDINGS
650 _aLOCAL GOVERNMENT (MISCELLANEOUS PROVISIONS) ACT 1982 S33
650 _aQUIET ENJOYMENT
650 _aSECTION 52 AGREEMENTS
650 _aSTATUTORY TENANCY
650 _aTOWN AND COUNTRY PLANNING ACT 1971 S52
690 _aLANDLORD AND TENANT-CASE LAW-RESIDENTIAL TENANCIES
942 _n0
948 _c04/03/1997
999 _c36485
_d36485